| 000 | 00451cam a22001934a 4500 | ||
|---|---|---|---|
| 005 | 20250605164316.0 | ||
| 008 | 250528s ||||||||||||||||||||||||d | ||
| 035 | _a22716 | ||
| 020 | _a9780813340265 | ||
| 040 |
_aGR-AtMCL _bgre _dGR-AtMCL _eAACR2 |
||
| 245 | 1 | _aEVERYDAY IRRATIONALITY | |
| 250 | _a1 | ||
| 260 |
_bWestview Press, _c2001 |
||
| 300 | _a224 | ||
| 700 | 1 |
_aDawes Robyn M _94345 |
|
| 942 | _cBK | ||
| 999 |
_c7762 _d7762 |
||